Dear Levi : (Record no. 1937)

MARC details
000 -LEADER
fixed length control field 01381cam a2200361 a 4500
001 - CONTROL NUMBER
control field 1937
003 - CONTROL NUMBER IDENTIFIER
control field FISKH
005 - DATE AND TIME OF LATEST TRANSACTION
control field 20231019103228.0
008 - FIXED-LENGTH DATA ELEMENTS--GENERAL INFORMATION
fixed length control field 930609s1994 nyuab j 000 1 eng
010 ## - LIBRARY OF CONGRESS CONTROL NUMBER
LC control number 93005315
020 ## - INTERNATIONAL STANDARD BOOK NUMBER
International Standard Book Number 9780679885580
040 ## - CATALOGING SOURCE
Original cataloging agency DLC
Transcribing agency DLC
Modifying agency DLC
-- OCoLC
-- DLC
Language of cataloging eng
042 ## - AUTHENTICATION CODE
Authentication code lcac
050 00 - LIBRARY OF CONGRESS CALL NUMBER
Classification number PZ7.W8606
Item number Dc 1994
082 00 - DEWEY DECIMAL CLASSIFICATION NUMBER
Classification number 813
Edition number 20
100 1# - MAIN ENTRY--PERSONAL NAME
Personal name Woodruff, Elvira.
245 10 - TITLE STATEMENT
Title Dear Levi :
Remainder of title letters from the Overland Trail /
Statement of responsibility, etc. by Elvira Woodruff ; illustrated by Beth Peck.
250 ## - EDITION STATEMENT
Edition statement First Scholastic printing, November 1998
260 ## - PUBLICATION, DISTRIBUTION, ETC.
Place of publication, distribution, etc. New York :
Name of publisher, distributor, etc. Scholastic,
Date of publication, distribution, etc. 1994.
300 ## - PHYSICAL DESCRIPTION
Extent 119 , 3 unnumbered pages :
Other physical details illustrations ; map, ;
Dimensions 20 cm.
505 ## - FORMATTED CONTENTS NOTE
Formatted contents note Z'<br/>
520 ## - SUMMARY, ETC.
Summary, etc. Twelve-year-old Austin Ives writes letters to his younger brother describing his three-thousand-mile journey from their home in Pennsylvania to Oregon in 1851.
521 8# - TARGET AUDIENCE NOTE
Target audience note 1010<br/>
Source Lexile<br/><br/>
521 8# - TARGET AUDIENCE NOTE
Target audience note Z<br/>
Source Raz-Plus<br/>
650 #1 - SUBJECT ADDED ENTRY--TOPICAL TERM
Topical term or geographic name entry element Overland journeys to the Pacific
General subdivision Fiction.
650 #1 - SUBJECT ADDED ENTRY--TOPICAL TERM
Topical term or geographic name entry element Frontier and pioneer life
General subdivision Fiction.
650 #1 - SUBJECT ADDED ENTRY--TOPICAL TERM
Topical term or geographic name entry element Letters
General subdivision Fiction.
655 #7 - INDEX TERM--GENRE/FORM
Genre/form data or focus term Historical fiction.
Source of term gsafd
700 1# - ADDED ENTRY--PERSONAL NAME
Personal name Peck, Beth,
Relator term illustrator
906 ## - LOCAL DATA ELEMENT F, LDF (RLIN)
a 7
b cbc
c orignew
d 1
e ocip
f 19
g y-gencatlg
942 ## - ADDED ENTRY ELEMENTS (KOHA)
Source of classification or shelving scheme Dewey Decimal Classification
Koha item type Books
Suppress in OPAC No
Holdings
Withdrawn status Lost status Source of classification or shelving scheme Damaged status Not for loan Collection Home library Current library Shelving location Date acquired Total Checkouts Full call number Barcode Date last seen Price effective from Koha item type
    Dewey Decimal Classification     Juvenile Fiction Footprints International School Library Network Toul Kork Campus Footprints International School Library Network Toul Kork Campus   10/19/2023   WOO 813 PZ7.W8606 FISTK04894 10/19/2023 10/19/2023 Books